000 00321nam a2200109Ia 4500
008 171211s9999 xx 000 0 und d
020 _a9781118904718
100 _aBirchard, Katherine R.
245 _aCritical Observation in Radiology for Medical Students
260 _bJohn Wiley & Sons, Ltd
_c2015
300 _a253 pages
999 _c350947
_d350947